[Event "Torun op"]
[Site "Torun"]
[Date "2002.??.??"]
[Round "9"]
[White "Totleben, Bartosz"]
[Black "Jacher, L."]
[Result "0-1"]
[WhiteElo "1600"]
[BlackElo "1600"]
[PlyCount "72"]
[EventDate "2002.??.??"]
[EventType "swiss"]
[EventRounds "9"]
[EventCountry "POL"]
[SourceTitle "EXT 2007"]
[Source "ChessBase"]
[SourceDate "2006.11.23"]
[SourceVersion "1"]
[SourceVersionDate "2006.11.23"]
[SourceQuality "1"]

1. e4 e5 2. Nf3 Nc6 3. Bc4 Bc5 4. d3 d6 5. Be3 Bb6 6. Nc3 Nf6 7. Qd2 Be6 8. Bb3 Qd7 9. h3 h6 10. 0-0-0 0-0-0 11. Ba4 Ba5 12. Kb1 Kb8 13. Nh2 d5 14. exd5 Nxd5 15. f4 Bxc3 16. bxc3 Nxe3 17. Qxe3 exf4 18. Qxf4 Qd6 19. Qxd6 Rxd6 20. Nf3 g5 21. Bxc6 Rxc6 22. Nd4 Rxc3 23. Nxe6 fxe6 24. Rde1 Rc6 25. Re3 Re8 26. Rhe1 Rd6 27. d4 c6 28. Rf1 Rxd4 29. Ref3 Rd2 30. Rf6 Rxg2 31. Rxh6 e5 32. Rg6 Rh2 33. Rxg5 Rxh3 34. Re1 e4 35. Rg4 e3 36. Rc4 e2 0-1